LEADER 01300naa a2200313 a 4500 001 000000122583 003 CaOOAMICUS 005 20100723123914.0 008 100723s2010 it u000 u ita r 020 $a978-88-8272-536-5 040 $aPUL$bita$dReb 082 04$a270.082 100 1 $aPapini, Giovanni,$d1881-1956.$0(OLS)http://pul/name/5962 245 10$aSant'Agostino /$cGiovanni Papini ; prefazione di Carlo Lapucci. 260 $aSiena :$bCantagalli,$c2010. 300 $a252 p. ;$c18 cm 490 1 $aClassici cristiani ;$v310/18 504 $aBibliografia p. 225-227. 600 04$aAugustinus,$cs., vesc. d'Ippona,$d354-430.$0(OLS)http://pul/subject/758 700 1 $aLapucci, Carlo.$0(OLS)http://pul/name/76976 830 0$aClassici cristiani ;$v310/18.$0(OLS)http://pul/title/2209 850 $aPUL 852 $aPUL$W1$xSL Religione 3$y85$m270. 082 PAPGI 1$j140786$qDDC 21$B139874$CPULBib$Z2$F139874 $H114170 $82 941 1 $a9 960 $aAgostino,$cs., vesc. d'Ippona,$d354-430$9758 996 $6020$a978-88-8272-536-5$9(OLS)http://pul/number/144994 996 $6082$a270.082$9(OLS)http://pul/classification/510 996 $6245$aSant'Agostino$9(OLS)http://pul/title/10732 996 $6260$aSiena :$bCantagalli$9(OLS)http://pul/publisher/48759 LEADER 01436nam a2200325 u 4500 001 000000082921 003 CaOOAMICUS 005 20070226123920.0 008 050421s1950 it u000 u ita u 035 $a11041578 040 $aPUL(R)$bita 100 1 $aSantonicola, Alfonso Maria,$cC.SS.R.$0(OLS)http://pul/name/20144 245 12$aL'assunzione di Maria Vergine e la mente di S. Alfonso /$cP. Alfonso M. Santonicola. 260 $aAlba :$bEdizioni Paoline,$cstampa 1950. 300 $a232 p. ;$c22 cm 490 1 $aCatholica ;$v7 500 $aContiene riferimenti bibliografici. 600 04$aMaria Virgo,$cs.$0(OLS)http://pul/subject/500 600 04$aAlfonsus Maria de Ligorio,$cs.,$d1696-1787.$0(OLS)http://pul/subject/2013 830 0$aCatholica (Edizioni Paoline) ;$v7.$0(OLS)http://pul/title/1108 850 $aPUL 852 $aPUL$W1$xDP1 Fondo Cecchetti$y53$m261 F 8$j105571$nBK-PRI$b $qFondi$B105571$CPULBib$Z2$F105571 $HPUL8410 $81 941 1 $a1 960 $aMariologia$9500 960 $aMariologia$9500 960 $aAlphonsus Maria de Ligorio,$cs.,$d1696-1787$92013 960 $aDe Liguori, Alfonso Maria,$cs.,$d1696-1787? $92013 960 $aLiguori, Alfonso Maria de$cs.,$d1696-1787? $92013 996 $6245$aL'assunzione di Maria Vergine e la mente di S. Alfonso$9(OLS)http://pul/title/108231 996 $6260$aAlba :$bEdizioni Paoline$9(OLS)http://pul/publisher/48140